000
00239nmm a2200085Ia 4500
008
220120s9999||||xx |||||||||||||||||und||
100
_a
Digit
245
0
_a
Digital creation software, 13 andi editing tools, 8 video ed
260
_a
Nine dot Nine
999
_c
139921
_d
139921